|
|
|
|
| LEADER |
01275nam a2200313 a 4500 |
| 001 |
11986645 |
| 008 |
100712r2007 enka b 001 0 eng d |
| 010 |
|
|
|a 00032477
|
| 020 |
|
|
|a 8126512830
|
| 020 |
|
|
|a 9788126512836
|
| 020 |
|
|
|a 0471606952 (alk. paper)
|
| 040 |
|
|
|a DLC
|c DLC
|d DLC
|d WaU
|d BD-DhAAL
|
| 082 |
0 |
0 |
|a 005.1/2
|2 22
|
| 100 |
1 |
|
|a Buschmann, Frank.
|
| 245 |
0 |
0 |
|a Pattern-oriented software architecture :
|b on patterns and pattern languages /
|c Frank Buschmann, Henney, Kevlin and Douglas C.Schmidt.
|
| 260 |
|
|
|a Chichester [England] ;
|a New York ;
|a New Delhi :
|b Wiley,
|c 2007 [Reprinted]
|
| 300 |
|
|
|a xxxix,450 p. :
|b ill. ;
|c 24 cm.
|
| 362 |
0 |
|
|a Vol. 5
|
| 490 |
0 |
|
|a Wiley series in software design patterns
|
| 500 |
|
|
|a Vol. 5 written by Frank Buschmann, Kevlin Henney, and Douglas C. Schmidt.
|
| 504 |
|
|
|a Includes bibliographical references (p.[415]-440) and indexes.
|
| 541 |
1 |
|
|e 00020617
|
| 650 |
|
0 |
|a Software architecture.
|
| 650 |
|
0 |
|a Software patterns.
|
| 700 |
1 |
|
|a Henney, Kevlin.
|
| 700 |
1 |
|
|a Schmidt, Douglas C.
|
| 852 |
4 |
|
|a Ayesha Abed Library
|j General shelf
|
| 999 |
|
|
|c 9338
|d 9338
|
| 952 |
|
|
|0 0
|1 0
|2 ddc
|4 0
|6 005_120000000000000_BUS_2007
|7 0
|9 11890
|a BRACUL
|b BRACUL
|c GEN
|d 2010-09-20
|l 0
|o 005.12 BUS
|p 3010020617
|r 2023-10-18
|t 1
|w 2010-09-20
|y BK
|